000 00538nam a2200181Ia 4500
008 090122s9999 xx 000 0 und d
082 _b11502
100 _aनरवणे
_bसुधा
245 _aउभा जन्म वैराण
260 _bनिशिगंधा
_c2007
300 _a192
501 _aललित वितरण
600 _aनरवणे
630 _aउभा जन्म वैराण
700 _aनरवणे
730 _aउभा जन्म वैराण
942 _cBOOK
999 _c35579
_d35579